000 00803nam a2200241 i 4500
001 bg
100 1 _aGÓRECKA, Roma
245 1 0 _aTeoria i technika eksperymentu :
_bpomoc dydaktyczna /
_cRoma Górecka.
260 _aKraków :
_bPK,
_c1995.
300 _a127 s. :
_bwykr. ;
_c24 cm.
490 1 _aPomoce Dydaktyczne / Politechnika Krakowska im. Tadeusza Kościuszki
504 _aBibliogr. s. 124.
650 9 _aEksperyment
_xteoria
650 9 _aKomputery
_xstosowanie
_xnauka
650 9 _aStatystyka matematyczna
_xstosowanie
655 _aPodręczniki akademickie
830 0 _aPomoce Dydaktyczne (Politechnika Krakowska im. Tadeusza Kościuszki)
040 _cBPK
041 0 _apl
080 _a167/168:519.2:681.322.06](075.8)
942 _cKS
008 s pl f |000 0 pol
999 _c6900
_d6900
856 _uhttp://koha.tu.koszalin.pl/cgi-bin/koha/opac-detail.pl?biblionumber=6900
_yKatalog online BPK